skbl

Dr Suryya Kumar Bhuyan Library Web-OPAC
ডঃ সূৰ্য্য
কুমাৰ ভূঞা পুথিভঁৰাল ৱেব-অ'পেক

All Research Scholars are advised to clear the annual library fees to continue using Library Resources, Remote Access, Plagiarism Test and Library Clearance.

Cotton University Book Fair 2026

Vertebrate endocrinology (Record no. 61492)

MARC details
000 -LEADER
fixed length control field 00557nam a2200205Ia 4500
001 - CONTROL NUMBER
control field 60354
008 - FIXED-LENGTH DATA ELEMENTS--GENERAL INFORMATION
fixed length control field 160829n2009 US |||gr||||Z||||||465
020 ## - INTERNATIONAL STANDARD BOOK NUMBER
International Standard Book Number 9788131220177
082 ## - DEWEY DECIMAL CLASSIFICATION NUMBER
Classification number 596.04
100 ## - MAIN ENTRY--PERSONAL NAME
Personal name Norris, David O.,
Relator term Author .,
245 #0 - TITLE STATEMENT
Title Vertebrate endocrinology
Statement of responsibility, etc. by David O Norris
Medium Textual Documents
250 ## - EDITION STATEMENT
Edition statement 4th ed.
260 ## - PUBLICATION, DISTRIBUTION, ETC.
Place of publication, distribution, etc. California
Name of publisher, distributor, etc. Academic Press
Date of publication, distribution, etc. 2009
300 ## - PHYSICAL DESCRIPTION
Extent x, 550pg:
Other physical details ills.;
Dimensions 29cm.
653 ## - INDEX TERM--UNCONTROLLED
Uncontrolled term Zoology
653 ## - INDEX TERM--UNCONTROLLED
Uncontrolled term Endocrinology
653 ## - INDEX TERM--UNCONTROLLED
Uncontrolled term Vertebrate zoology
653 ## - INDEX TERM--UNCONTROLLED
Uncontrolled term Dept-Zoology
942 ## - ADDED ENTRY ELEMENTS (KOHA)
Source of classification or shelving scheme Dewey Decimal Classification
Koha item type Books
Holdings
Withdrawn status Lost status Damaged status Not for loan Collection Home library Current library Date acquired Source of acquisition Coded location qualifier Cost, normal purchase price Total checkouts Full call number Barcode Date last seen Copy number Price effective from Koha item type Public note
          Dr. Suryya Kumar Bhuyan Library Dr. Suryya Kumar Bhuyan Library 29/08/2016 31 00000 2095.00   596.04 No 792 Ve 1015/zoo 14/01/2024 1 29/08/2016 Books 31

Designed and Maintained by Team SKBL
©1901-2026

Powered by Koha